Statistics for 愛知県の市町村 (2000年)

Click here to take the quiz!

General Stats

  • This quiz has been taken 60 times
    (44 since last reset)
  • The average score is 62 of 88

Answers on the Map

Answers color-coded by a green-red scale on the quiz's map according to % correct below.
 

Answer Stats

ヒント市町村名% Correct
名古屋市なごやし
100%
刈谷市かりやし
96%
豊橋市とよはしし
96%
常滑市とこなめし
96%
安城市あんじょうし
96%
豊田市とよたし
96%
宝飯郡一宮町いちのみやちょう
96%
岡崎市おかざきし
96%
半田市はんだし
96%
一宮市いちのみやし
96%
豊川市とよかわし
93%
海部郡弥富町やとみちょう
93%
蒲郡市がまごおりし
93%
大府市おおぶし
93%
小牧市こまきし
89%
愛知郡長久手町ながくてちょう
89%
知多市ちたし
89%
渥美郡田原町たはらちょう
89%
西春日井郡春日町はるひちょう
89%
北設楽郡設楽町したらちょう
89%
春日井市かすがいし
89%
碧南市へきなんし
89%
新城市しんしろし
86%
知立市ちりゅうし
86%
瀬戸市せとし
86%
海部郡蟹江町かにえちょう
86%
西春日井郡清洲町きよすちょう
86%
稲沢市いなざわし
86%
西春日井郡豊山町とよやまちょう
82%
知多郡武豊町たけとよちょう
82%
犬山市いぬやまし
82%
西尾市にしおし
82%
知多郡南知多町みなみちたちょう
82%
海部郡飛島村とびしまむら
82%
渥美郡渥美町あつみちょう
79%
東海市とうかいし
79%
豊明市とよあけし
79%
津島市つしまし
79%
西加茂郡三好町みよしちょう
75%
岩倉市いわくらし
75%
江南市こうなんし
75%
日進市にっしんし
75%
宝飯郡小坂井町こざかいちょう
75%
北設楽郡豊根村とよねむら
75%
丹羽郡扶桑町ふそうちょう
71%
幡豆郡吉良町きらちょう
71%
知多郡美浜町みはまちょう
71%
尾張旭市おわりあさひし
71%
北設楽郡東栄町とうえいちょう
71%
愛知郡東郷町とうごうちょう
71%
知多郡阿久比町あぐいちょう
71%
宝飯郡御津町みとちょう
71%
額田郡幸田町こうたちょう
68%
幡豆郡幡豆町はずちょう
68%
知多郡東浦町ひがしうらちょう
68%
高浜市たかはまし
68%
西春日井郡西春町にしはるちょう
64%
渥美郡赤羽根町あかばねちょう
64%
葉栗郡木曽川町きそがわちょう
64%
丹羽郡大口町おおぐちちょう
64%
東加茂郡足助町あすけちょう
64%
南設楽郡鳳来町ほうらいちょう
61%
海部郡大治町おおはるちょう
61%
海部郡甚目寺町じもくじちょう
61%
幡豆郡一色町いっしきちょう
61%
額田郡額田町ぬかたちょう
61%
宝飯郡音羽町おとわちょう
57%
尾西市びさいし
57%
海部郡七宝町しっぽうちょう
57%
西春日井郡西枇杷島町にしびわじまちょう
57%
北設楽郡稲武町いなぶちょう
54%
中島郡祖父江町そぶえちょう
54%
北設楽郡富山村とみやまむら
54%
南設楽郡作手村つくでむら
50%
海部郡佐屋町さやちょう
46%
海部郡立田村たつたむら
43%
海部郡十四山村じゅうしやまむら
43%
西春日井郡新川町しんかわちょう
39%
北設楽郡津具村つぐむら
39%
東加茂郡旭町あさひちょう
39%
東加茂郡下山村しもやまむら
39%
西加茂郡藤岡町ふじおかちょう
39%
西春日井郡師勝町しかつちょう
36%
海部郡佐織町さおりちょう
36%
海部郡美和町みわちょう
36%
西加茂郡小原村おばらむら
32%
中島郡平和町へいわちょう
25%
海部郡八開村はちかいむら
21%

Score Distribution

Percentile by Number Answered

Percent of People with Each Score

Your Score History

You have not taken this quiz since the last reset